| 000 | 00582nam a22001937a 4500 | ||
|---|---|---|---|
| 003 | NUST | ||
| 005 | 20230717155913.0 | ||
| 008 | 190806b ||||| |||| 00| 0 eng d | ||
| 038 | _aMr. Noman | ||
| 082 | _a658.4 | ||
| 100 |
_aMahrukh, Shehzadi _919109 |
||
| 245 |
_aP & G Pakistan 3D Animation Marketing Strategies with Special Focus on Commander Safeguard _cShehzadi Mahrukh. |
||
| 260 |
_aIslamabad: _bNBS - Nust, _c2012. |
||
| 300 |
_a95 p.: ill.; _c30cm. |
||
| 500 | _aHardcover. | ||
| 650 |
_aEMBA Thesis. _917645 |
||
| 700 |
_aAyesha Perwaiz. _919110 |
||
| 942 |
_2ddc _cTHE |
||
| 999 |
_c527711 _d527711 |
||